Nihon shihon shugi ronsō /
Saved in:
| 主要作者: | |
|---|---|
| 格式: | 图书 |
| 语言: | Japanese |
| 出版: |
Tōkyō :
Seiwa Shoten,
Shōwa 12 [1937]
|
| 主题: | |
| 标签: |
添加标签
没有标签, 成为第一个标记此记录!
|
| LEADER | 00986nam a2200301 a 4500 | ||
|---|---|---|---|
| 001 | 007745656-4 | ||
| 005 | 20024617115255.0 | ||
| 008 | 870429s1937 ja b 001 0 jpn | ||
| 010 | |a 87133727 /AJ | ||
| 035 | 0 | |a ocm16356348 | |
| 035 | 0 | |a ocm16356348 |z ocm33767451 | |
| 040 | |a DLC |c DLC |d *YNH* |d CStRLIN | ||
| 043 | |a a-ja--- | ||
| 050 | 0 | |a HC462.7 |b .U42 1937 | |
| 100 | 1 | |6 880-01 |a Uchida, Jōkichi, |d 1912- | |
| 245 | 1 | 0 | |6 880-02 |a Nihon shihon shugi ronsō / |c Uchida Jōkichi cho. |
| 260 | |6 880-03 |a Tōkyō : |b Seiwa Shoten, |c Shōwa 12 [1937] | ||
| 300 | |a 293 p. ; |c 22 cm. | ||
| 504 | |a Bibliography: p. 273-283. | ||
| 500 | |a Includes index. | ||
| 651 | 0 | |a Japan |x Economic conditions |y 1868- | |
| 651 | 0 | |a Japan |x Economic policy. | |
| 650 | 0 | |a Capitalism |z Japan |x History. | |
| 880 | 1 | |6 100-01 |a 內田穰吉, |d 1912- | |
| 880 | 1 | 0 | |6 245-02 |a 日本資本主義論爭 / |c 內田穰吉著. |
| 880 | |6 260-03 |a 東京 : |b 淸和書店, |c 昭和 12 [1937] | ||
| 988 | |a 20021209 | ||
| 906 | |0 DLC | ||


